State Capitals - Statistics

General Stats
  • This quiz has been taken 49 times
  • The average score is 31 of 50
Answer Stats
State Answer % Correct
Texas Austin
82%
Arkansas Little Rock
78%
California Sacramento
78%
New York Albany
76%
Hawaii Honolulu
76%
Louisiana Baton Rouge
73%
Arizona Phoenix
73%
Utah Salt lake City
73%
Georgia Atlanta
71%
Idaho Boise
71%
Massachusetts Boston
71%
Colorado Denver
71%
Mississippi Jackson
71%
Virginia Richmond
71%
Florida Tallahassee
71%
Indiana Indianapolis
69%
Oklahoma Oklahoma City
69%
Maryland Annapolis
67%
Alaska Juneau
67%
Rhode Island Providence
67%
Alabama Montgomery
64%
Minnesota St. Paul
64%
West Virginia Charleston
62%
Ohio Columbus
62%
Iowa Des Moines
62%
Pennsylvania Harrisburg
62%
Tennessee Nashville
62%
Washington Olympia
62%
North Carolina Raleigh
62%
Illinois Springfield
62%
Delaware Dover
60%
Connecticut Hartford
60%
Wisconsin Madison
60%
New Jersey Trenton
60%
Montana Helena
58%
Oregon Salem
58%
Nevada Carson City
56%
Wyoming Cheyenne
56%
South Dakota Pierre
56%
New Mexico Santa Fe
56%
South Carolina Columbia
53%
Kentucky Frankfort
51%
Missouri Jefferson City
51%
Nebraska Lincoln
51%
Vermont Montpelier
51%
Maine Augusta
49%
North Dakota Bismarck
49%
Michigan Lansing
49%
Kansas Topeka
49%
New Hampshire Concord
44%
No matching quizzes found
Score Distribution
Percent of People with Each Score
Percentile by Number Answered
Your Score History
You have not taken this quiz